000 00545nam a22001937a 4500
005 20251108164101.0
008 250721s1990 xx 000 0 ara d
082 1 4 _a325.2564/قدس
100 1 _aقدسيه، لبيب عبد السلام
245 1 0 _aموسوعة المخيمات الفلسطينية /
264 1 _aعمان :
_bالمؤلف،
_c1990.
300 _a2ج : مص
650 1 7 _aفلسطين
650 1 7 _aالنازحون
650 1 7 _aالهجرهة
650 1 7 _aالمهاجرون
942 _2ddc
_cBK
999 _c3186
_d3186